LEADER 02808oam 2200709zu 450 001 9910153260103321 005 20260120185353.0 010 $a1-292-01805-4 010 $a1-292-01346-X 035 $a(CKB)2550000001339297 035 $a(SSID)ssj0001548353 035 $a(PQKBManifestationID)16151644 035 $a(PQKBTitleCode)TC0001548353 035 $a(PQKBWorkID)14802187 035 $a(PQKB)10766902 035 $a(MiAaPQ)EBC5137768 035 $a(Au-PeEL)EBL5137768 035 $a(CaONFJC)MIL632461 035 $a(OCoLC)1015884080 035 $a(MiAaPQ)EBC5173522 035 $a(Au-PeEL)EBL5173522 035 $a(CaPaEBR)ebr11478242 035 $a(OCoLC)1015878906 035 $a(MiAaPQ)EBC5175962 035 $a(Au-PeEL)EBL5175962 035 $a(EXLCZ)992550000001339297 100 $a20160829d2015 uy 101 0 $aeng 135 $aurcnu|||||||| 181 $ctxt 182 $cc 183 $acr 200 10$aCriminal law /$fEmily Finch, Stefan Fafinski 205 $a5th ed. 210 31$a[Place of publication not identified]$cPearson$d2015 215 $a1 online resource (329 pages) 225 0 $aLawExpress Criminal law 300 $aBibliographic Level Mode of Issuance: Monograph 311 08$a1-292-01284-6 311 08$a1-322-01210-5 327 $aCover -- Contents -- Acknowledgements -- Introduction -- Guided tour -- Guided tour of the companion website -- Table of cases and statutes -- 1 Elements of criminal liability -- 2 Actus reus -- 3 Mens rea -- 4 Inchoate offences -- 5 Accessorial liability -- 6 Murder -- 7 Voluntary manslaughter -- 8 Involuntary manslaughter -- 9 Non-fatal offences -- 10 Sexual offences -- 11 Criminal damage -- 12 Theft -- 13 Theft-related offences -- 14 Fraud -- 15 Insanity and automatism -- 16 Intoxication -- 17 Self-defence -- 18 Duress -- And finally, before the exam . . . -- Glossary of terms -- Index. 330 $aThe Law Express series is designed to help you revise effectively. This book is your guide to understanding essential concepts, remembering and applying key legislation and making your answers stand out!. 410 0$aLaw Express 517 $aCriminal law 517 $aLaw Express 606 $aCriminal law$zGreat Britain$vOutlines, syllabi, etc 606 $aLaw - Great Britain$2HILCC 606 $aLaw - Non-U.S$2HILCC 606 $aLaw, Politics & Government$2HILCC 615 0$aCriminal law 615 7$aLaw - Great Britain 615 7$aLaw - Non-U.S. 615 7$aLaw, Politics & Government 676 $a345.420076 700 $aFinch$b Emily$01231481 702 $aFafinski$b Stefan 702 $aFafinski$b Stefan 801 0$bPQKB 906 $aBOOK 912 $a9910153260103321 996 $aCriminal law$92883595 997 $aUNINA